000
00327cam a2200133ua 4500
041
_a
eng
_h
100
_a
Minhas , P.S .
245
_a
How to reclaim salt affected soils /
_c
P.S Minhas.
_h
Textual Documents
260
_a
:
_b
Directorate Extn ,
_c
2003.
300
_a
; .
504
_a
942
_c
BK
999
_c
13010
_d
13010